| 000 | 00782nam a2200217Ii 4500 | ||
|---|---|---|---|
| 003 | JO-AjNU | ||
| 008 | 230605s9999||||xx |||||||||||||| ||und|| | ||
| 017 | _a1988/1/35 | ||
| 040 |
_aJO-AjNU _bara _erda _cJO-AjNU |
||
| 041 | _aara | ||
| 050 | 1 | 4 | _aJS7499.J65.S2536.1988 |
| 100 | 3 |
_a الزعبي، خالد سمارة , _eauthor _946892 |
|
| 245 | 0 | 0 | _aتشكيل المجالس المحلية واثرة على كفايتها في نظم الادارة المحلية " دراسة مقارنة " |
| 250 | _aط2 | ||
| 264 | 3 | 1 | _aعمان : خالد سمارة الزعبي ، 1988 |
| 300 | _a379ص | ||
| 336 |
_atext _btxt _2rdacontent |
||
| 337 |
_aunmediated _bn _2rdamedia |
||
| 338 |
_avolume _bnc _2rdacarrier |
||
| 650 | 4 |
_aمجالس محلية -- الاردن _946893 |
|
| 999 |
_aA20432 _c24000 _d24000 |
||